Cards - Tile Select - Statistics

General Stats
  • This quiz has been taken 23 times
  • The average score is 38 of 45
Answer Stats
Question Tile Select % Correct
cards that create a royal flush in poker No
100%
cards that create a royal flush in poker Yes
100%
cards that create a royal flush in poker No
100%
cards that can be worth 10 or more in blackjack No
100%
cards that can be worth 10 or more in blackjack No
100%
face cards Yes
96%
face cards Yes
96%
face cards No
96%
face cards No
96%
face cards No
96%
face cards No
96%
face cards Yes
96%
face cards No
96%
cards that create a royal flush in poker Yes
96%
cards that create a royal flush in poker No
96%
cards that create a royal flush in poker Yes
96%
cards that can be worth 10 or more in blackjack Yes
96%
cards that can be worth 10 or more in blackjack No
96%
cards that can be worth 10 or more in blackjack Yes
96%
cards that can be worth 10 or more in blackjack Yes
91%
cards that would beat a 7 in war Yes
91%
cards that would beat a 7 in war No
91%
cards that would beat a 7 in war Yes
91%
cards that would beat a 7 in war No
91%
cards that would beat a 7 in war No
91%
cards that would beat a 7 in war Yes
87%
cards that would beat a 7 in war Yes
87%
face cards No
83%
cards that can be worth 10 or more in blackjack Yes
83%
cards you could play on a 6 of hearts in crazy eights No
83%
cards you could play on a 6 of hearts in crazy eights No
83%
cards that would beat a 7 in war No
83%
cards that create a royal flush in poker No
78%
cards that create a royal flush in poker Yes
78%
cards that create a royal flush in poker Yes
78%
cards that can be worth 10 or more in blackjack No
78%
cards you could play on a 6 of hearts in crazy eights No
78%
cards that would beat a 7 in war Yes
78%
cards that can be worth 10 or more in blackjack Yes
74%
cards you could play on a 6 of hearts in crazy eights Yes
74%
cards you could play on a 6 of hearts in crazy eights Yes
61%
cards you could play on a 6 of hearts in crazy eights Yes
57%
cards you could play on a 6 of hearts in crazy eights Yes
52%
cards you could play on a 6 of hearts in crazy eights Yes
48%
cards you could play on a 6 of hearts in crazy eights Yes
26%
No matching quizzes found
Score Distribution
Percent of People with Each Score
Percentile by Number Answered
Your Score History
You have not taken this quiz